Preparation of SiC based Materials for Partial Discharge Testing / (Record no. 615580)

000 -LEADER
fixed length control field 00462nam a22001577a 4500
082 ## - DEWEY DECIMAL CLASSIFICATION NUMBER
Classification number 621.12
Author Mark AIN
100 ## - MAIN ENTRY--PERSONAL NAME
Personal name Ain, Qurat ul (450594)
245 ## - TITLE STATEMENT
Title Preparation of SiC based Materials for Partial Discharge Testing /
264 ## - PRODUCTION, PUBLICATION, DISTRIBUTION, MANUFACTURE, AND COPYRIGHT NOTICE
Place of production, publication, distribution, manufacture Islamabad :
Name of producer, publisher, distributor, manufacturer USPCAS-E, NUST
Date of production, publication, distribution, manufacture, or copyright notice November, 2025
300 ## - PHYSICAL DESCRIPTION
Extent xvii, 67 p.
Accompanying material +CD
520 ## - SUMMARY, ETC.
Summary, etc. TH-698
650 ## - SUBJECT ADDED ENTRY--TOPICAL TERM
Topical term or geographic name entry element MS ESE Thesis
650 ## - SUBJECT ADDED ENTRY--TOPICAL TERM
Topical term or geographic name entry element MS Thesis
700 ## - ADDED ENTRY--PERSONAL NAME
Personal name Supervisor: Dr. Ghulam Ali
942 ## - ADDED ENTRY ELEMENTS (KOHA)
Source of classification or shelving scheme
Koha item type Thesis
Holdings
Withdrawn status Permanent Location Current Location Date acquired Full call number Barcode Koha item type
  US-Pakistan Center for Advanced Studies in Energy (USPCAS-E) US-Pakistan Center for Advanced Studies in Energy (USPCAS-E) 12/17/2025 621.12 AIN CAS-ETH0000698 Thesis
© 2023 Central Library, National University of Sciences and Technology. All Rights Reserved.